| 000 | 01000nam a22001817a 4500 | ||
|---|---|---|---|
| 003 | JO-AjAnu | ||
| 005 | 20240605122158.0 | ||
| 008 | 240402b jo ||||| |||| 00| 0 ara d | ||
| 040 |
_aJO-AjAnu _cJO-AjAnu |
||
| 041 | 0 | _aara | |
| 100 | 1 |
_aعبد الرحمن، شيماء عبدالله احمد _965228 _eمعد |
|
| 245 | 0 |
_aاثر المسؤولية المدنية للصيرفة عبر الهاتف المحمول وحجية اثبات مستخرجاتها = The Civil Liability of Mobile Banking and the Authenticity of Proving its Rreturns / _cاعداد شيماء عبدالله احمد بني عبد الرحمن ؛ اشراف احمد فهد محمد البطوش |
|
| 260 | _c2023 | ||
| 300 | _a81ورقة | ||
| 500 | _a رسالة جامعية (ماجستير) .- جامعة عجلون الوطنية (عجلون، الأردن)، كلية الحقوق ، قسم القانون، 2023 | ||
| 700 | 1 |
_aالبطوش، احمد فهد محمد _eمشرف _965230 |
|
| 942 |
_2lcc _cTHS _n0 |
||
| 999 |
_c33390 _d33390 |
||